Statistics for Majority Muslim Countries Quiz

Click here to take the quiz!

General Stats

  • This quiz has been taken 141,560 times
    (23,211 since last reset)
  • The average score is 38 of 48

Answer Stats

% Country % Correct
99.4Iran
97%
95.7Iraq
96%
97.1Saudi Arabia
96%
92.4Egypt
95%
96.5Pakistan
95%
99.2Turkey
93%
85.9Oman
92%
99.1Yemen
92%
99Morocco
92%
99.7Afghanistan
91%
76United Arab Emirates
90%
93Syria
90%
99Algeria
89%
77.5Qatar
88%
87.2Indonesia
88%
97Sudan
88%
97Libya
88%
99.8Tunisia
86%
98.3Niger
85%
97.2Jordan
85%
74.6Kuwait
84%
99.8Somalia
84%
70.2Kazakhstan
83%
57.7Lebanon
83%
93.3Turkmenistan
83%
96.5Uzbekistan
82%
58Chad
80%
≈ 50Nigeria
80%
73.7Bahrain
80%
98.0Tajikistan
79%
90Kyrgyzstan
78%
95Mali
78%
61.3Malaysia
76%
96.9Azerbaijan
76%
> 99.9Mauritania
74%
90.4Bangladesh
73%
96.1Senegal
67%
97Djibouti
66%
78.8Brunei
64%
58.8Albania
64%
95.7Gambia
58%
89.1Guinea
57%
61.5Burkina Faso
55%
98.4Maldives
55%
50.6Bosnia and Herzegovina
53%
77.5Sierra Leone
51%
95.6Kosovo
50%
98.3Comoros
47%

Score Distribution

Percentile by Number Answered

Percent of People with Each Score

Your Score History

You have not taken this quiz since the last reset